[Event "Mondiale Lampo FIDE 2022"]
[Site "Alma Ata"]
[Date "30.12.2022"]
[Round "21.69"]
[White "Khusnutdinov, Rustam"]
[Black "Zverev, Lev"]
[Result "1-0"]
[WhiteTitle ""]
[BlackTitle ""]
[WhiteElo "2441"]
[BlackElo "2310"]
[WhiteFideId "13701703"]
[BlackFideId "24250775"]
[EventDate "29.12.2022"]

1. Nc3 e5 2. Nf3 Nc6 3. d4 exd4 4. Nxd4 Nf6 5. Bg5 Bc5 6. e3 Nxd4 7. exd4 Be7 8.
Qd3 O-O 9. O-O-O d5 10. Be2 c6 11. Rhe1 Be6 12. Bf3 b5 13. Ne2 Qa5 14. Kb1 Rfe8
15. Nf4 Bd7 16. Rxe7 Rxe7 17. Nh5 Nxh5 18. Bxe7 Nf4 19. Qd2 Qxd2 20. Rxd2 Re8
21. Bd6 Re1+ 22. Rd1 Rxd1+ 23. Bxd1 Nxg2 24. Kc1 Nh4 25. Kd2 Nf5 26. Bc5 f6 27.
Bxa7 Nd6 28. b3 Kf7 29. Bb8 Ne4+ 30. Ke1 Nc3 31. a3 Ke7 32. Bf4 Bf5 33. Bf3 Nb1
34. a4 bxa4 35. bxa4 Nc3 36. a5 Nb5 37. Be2 Nxd4 38. a6 Bc8 39. a7 Bb7 40. Bd3
Nb5 41. Be3 g6 42. Bc5+ Kd7 43. Ke2 Ba8 44. Ke3 Kc7 45. Kf4 Kb7 46. Be7 Kxa7 47.
Bxf6 Nd6 48. Bd4+ Kb7 49. Kg5 Nf7+ 50. Kf6 Nh6 51. f3 Kc7 52. Bc5 Kd7 53. Kg7
Nf5+ 54. Kxh7 Nh4 55. Be2 Ke6 56. Bf2 Ng2 57. Bg3 Kf7 58. Kh6 Ne3 59. Kg5 Nf5
60. Be5 Bb7 61. Bd3 Bc8 62. h4 Bd7 63. h5 Ne7 64. h6 Kg8 65. Kf6 Nf5 66. Kxg6
Nh4+ 67. Kf6 1-0

[Event "Mondiale Lampo FIDE 2022"]
[Site "Alma Ata"]
[Date "30.12.2022"]
[Round "21.70"]
[White "Khripachenko, Alexander"]
[Black "Puranik, Abhimanyu"]
[Result "0-1"]
[WhiteTitle ""]
[BlackTitle ""]
[WhiteElo "2219"]
[BlackElo "2616"]
[WhiteFideId "54184975"]
[BlackFideId "5061245"]
[EventDate "29.12.2022"]

1. e4 e5 2. Nf3 Nc6 3. Bc4 Bc5 4. c3 Nf6 5. d3 d6 6. Nbd2 a6 7. Bb3 O-O 8. Qe2
h6 9. Nf1 Be6 10. h3 d5 11. Ng3 a5 12. Ba4 Rb8 13. Bxc6 bxc6 14. Nxe5 Qe8 15. d4
Bd6 16. O-O c5 17. exd5 Nxd5 18. dxc5 Bxc5 19. c4 Nf6 20. Re1 a4 21. Qf3 Bd4 22.
Bxh6 Rxb2 23. Nd3 Rc2 24. Bxg7 Kxg7 25. Nf5+ Bxf5 26. Rxe8 Rxe8 27. Qxf5 Bxa1
28. Nf4 Rc1+ 0-1

[Event "Mondiale Lampo FIDE 2022"]
[Site "Alma Ata"]
[Date "30.12.2022"]
[Round "21.71"]
[White "Zhalmakhanov, Ramazan"]
[Black "Tsaruk, Maksim"]
[Result "1-0"]
[WhiteTitle ""]
[BlackTitle ""]
[WhiteElo "2401"]
[BlackElo "2373"]
[WhiteFideId "13706357"]
[BlackFideId "13511173"]
[EventDate "29.12.2022"]

1. e4 e5 2. Nf3 Nc6 3. Bb5 a6 4. Ba4 Nf6 5. O-O b5 6. Bb3 Bb7 7. d3 Be7 8. a4 b4
9. Nbd2 O-O 10. Nc4 d6 11. a5 Bc8 12. h3 Be6 13. Re1 Nd7 14. Be3 Bf6 15. Qd2 Rb8
16. Kh2 h6 17. g4 Nc5 18. Bxc5 dxc5 19. Kg2 Nd4 20. Nxd4 cxd4 1-0

[Event "Mondiale Lampo FIDE 2022"]
[Site "Alma Ata"]
[Date "30.12.2022"]
[Round "21.72"]
[White "Abdilkhair, Abilmansur"]
[Black "Arjun, Kalyan"]
[Result "1-0"]
[WhiteTitle ""]
[BlackTitle ""]
[WhiteElo "2278"]
[BlackElo "2505"]
[WhiteFideId "13716417"]
[BlackFideId "35018701"]
[EventDate "29.12.2022"]

1. d4 Nf6 2. Nc3 d5 3. Bf4 e6 4. e3 Bb4 5. Ne2 O-O 6. a3 Bd6 7. Rg1 c5 8. g4
cxd4 9. exd4 Nc6 10. Qd2 Ne4 11. Nxe4 dxe4 12. O-O-O b5 13. Ng3 b4 14. Bxd6 Qxd6
15. Nxe4 Qd5 16. axb4 Qa2 17. Qc3 Bb7 18. Nc5 Nd8 19. Qa3 Qd5 20. Bg2 Qg5+ 21.
Qe3 Qe7 22. d5 Rb8 23. d6 Qh4 24. Bxb7 Nxb7 25. Nd7 Rbc8 26. Nxf8 Rxf8 27. Qxa7
Nd8 28. Kb1 Qxh2 29. b5 Qe5 30. Qa6 Qc5 31. f4 e5 32. f5 e4 33. Rge1 e3 34. Qa3
Qxb5 35. Qxe3 Nc6 36. d7 h6 37. Qd3 Qb6 38. Qd6 Rb8 39. Re8+ 1-0

[Event "Mondiale Lampo FIDE 2022"]
[Site "Alma Ata"]
[Date "30.12.2022"]
[Round "21.73"]
[White "Haldorsen, Benjamin"]
[Black "Ivic, Velimir"]
[Result "0-1"]
[WhiteTitle ""]
[BlackTitle ""]
[WhiteElo "2449"]
[BlackElo "2572"]
[WhiteFideId "1512633"]
[BlackFideId "950122"]
[EventDate "29.12.2022"]

1. Nf3 Nf6 2. g3 g6 3. b3 Bg7 4. Bb2 d6 5. d4 b5 6. Bg2 Bb7 7. O-O Nbd7 8. c4
bxc4 9. bxc4 Rb8 10. Qc1 O-O 11. Nbd2 Ne4 12. Nxe4 Bxe4 13. Bc3 Qc8 14. Bh3 e6
15. Nd2 Ba8 16. e4 Qa6 17. d5 Bxc3 18. Qxc3 Nc5 19. Qf6 e5 20. Qh4 Kg7 21. f4
Nd3 22. fxe5 dxe5 23. Nb3 Qxc4 24. Qf6+ Kg8 25. Bg2 a5 26. h4 a4 27. Nd2 Qc2 28.
Rad1 Nb2 29. h5 Rb6 30. Qxe5 Nxd1 31. h6 Qc3 32. Qe7 0-1

[Event "Mondiale Lampo FIDE 2022"]
[Site "Alma Ata"]
[Date "30.12.2022"]
[Round "21.74"]
[White "Moiseenko, Alexander"]
[Black "Uskov, Artem"]
[Result "1-0"]
[WhiteTitle ""]
[BlackTitle ""]
[WhiteElo "2577"]
[BlackElo "2376"]
[WhiteFideId "14102560"]
[BlackFideId "34254854"]
[EventDate "29.12.2022"]

1. d4 Nf6 2. c4 e6 3. Nc3 Bb4 4. Nf3 d5 5. cxd5 exd5 6. Bf4 O-O 7. e3 c6 8. Bd3
Bd6 9. Bxd6 Qxd6 10. h3 Nbd7 11. O-O b5 12. a4 b4 13. Ne2 a5 14. Rc1 c5 15. dxc5
Nxc5 16. Bb5 Bf5 17. Ng3 Bg6 18. Nh4 Rac8 19. Ngf5 Qe5 20. Nxg6 hxg6 21. Nd4
Nfe4 22. Qe2 Nd6 23. Nc6 Qf6 24. Rxc5 Ne4 25. Rcc1 b3 26. Nxa5 Nc5 27. Nc6 Qd6
28. Rfd1 Rc7 29. Nd4 Rfc8 30. a5 Ra8 31. a6 Nxa6 32. Bxa6 Rxc1 33. Rxc1 Rxa6 34.
Nxb3 Ra2 35. Nd4 Qb8 36. Qg4 Ra8 37. b3 Qb7 38. g3 Kh7 39. h4 Ra2 40. h5 Qe7 41.
hxg6+ fxg6 42. Qh3+ Kg8 43. Qe6+ 1-0

[Event "Mondiale Lampo FIDE 2022"]
[Site "Alma Ata"]
[Date "30.12.2022"]
[Round "21.75"]
[White "Savchenko, Boris"]
[Black "Suyarov, Mukhammadzokhid"]
[Result "0-1"]
[WhiteTitle ""]
[BlackTitle ""]
[WhiteElo "2552"]
[BlackElo "2299"]
[WhiteFideId "4147332"]
[BlackFideId "14210495"]
[EventDate "29.12.2022"]

1. e4 e6 2. d4 d5 3. e5 c5 4. c3 Nc6 5. Nf3 Qb6 6. a3 f6 7. Bd3 fxe5 8. dxe5 g6
9. h4 Bg7 10. Qe2 c4 11. Bc2 Nge7 12. h5 Bd7 13. h6 Bf8 14. Bg5 O-O-O 15. Ra2
Re8 16. Bf6 Rg8 17. Ng5 Nf5 18. Nxh7 Bc5 19. g4 d4 20. Nd2 dxc3 21. Nxc4 Qc7 22.
bxc3 Ncd4 23. cxd4 Nxd4 24. Nd6+ Bxd6 25. exd6 Qa5+ 26. Kd1 Nxe2 27. Kxe2 Bb5+
28. Ke3 e5 29. Rd1 Qc3+ 30. Bd3 Bxd3 31. Rxd3 Qe1+ 32. Re2 Qc1+ 33. Red2 Kd7 34.
Be7 Rc8 35. Nf6+ Ke6 36. Ke2 Rh8 37. g5 Rc2 38. Rxc2 Qxc2+ 39. Ke3 Qc1+ 40. Ke2
Qxg5 41. Nd5 Qg4+ 42. f3 Qg2+ 43. Ke3 Rxh6 44. d7 Qg1+ 45. Kd2 Rh2+ 46. Kc3 Qc1+
47. Kb4 Rb2+ 48. Ka5 Kxd7 49. Bb4 b6+ 50. Ka6 Qc4+ 0-1

[Event "Mondiale Lampo FIDE 2022"]
[Site "Alma Ata"]
[Date "30.12.2022"]
[Round "21.76"]
[White "Ansat, Aldiyar"]
[Black "Burmakin, Vladimir"]
[Result "1/2-1/2"]
[WhiteTitle ""]
[BlackTitle ""]
[WhiteElo "2291"]
[BlackElo "2498"]
[WhiteFideId "13715658"]
[BlackFideId "4105109"]
[EventDate "29.12.2022"]

1. e4 c6 2. d4 d5 3. Nc3 dxe4 4. Nxe4 Nf6 5. Nxf6+ exf6 6. Be3 Be6 7. Bd3 Bd6 8.
Ne2 Qc7 9. c4 c5 10. d5 Bg4 11. h3 Bxe2 12. Qxe2 O-O 13. O-O Re8 14. Qc2 g6 15.
Rfe1 Nd7 16. a3 f5 17. Bd2 Be5 18. Re2 Bd4 19. Rae1 Nf6 20. Bc3 Rxe2 21. Rxe2
Bxc3 22. Qxc3 Ne8 23. b4 b6 24. h4 h5 25. Qe5 Qxe5 26. Rxe5 Kf8 27. bxc5 bxc5
28. d6 Rd8 29. Rxc5 Rxd6 30. Bc2 Rd2 31. Ba4 Nf6 32. Rc8+ Kg7 33. f3 Ra2 34. Ra8
Rxa3 35. Rxa7 f4 36. Ra6 Nd7 37. Bb5 Rxa6 38. Bxa6 Nc5 39. Bb5 Kf6 40. Kf2 Ke6
41. Ke2 f6 42. Be8 g5 43. hxg5 fxg5 44. Bxh5 Ke5 45. Bf7 Kd4 46. Kf2 Nd3+ 47.
Kg1 Ne5 48. Be6 Nxc4 49. Bxc4 Kxc4 50. Kh2 Kd4 51. Kh3 Ke5 52. Kg4 Kf6 53. Kh5
Kf5 1/2-1/2

[Event "Mondiale Lampo FIDE 2022"]
[Site "Alma Ata"]
[Date "30.12.2022"]
[Round "21.77"]
[White "Petkov, Momchil"]
[Black "Gadimbayli, Abdulla"]
[Result "0-1"]
[WhiteTitle ""]
[BlackTitle ""]
[WhiteElo "2531"]
[BlackElo "2524"]
[WhiteFideId "2921642"]
[BlackFideId "13404938"]
[EventDate "29.12.2022"]

1. d4 d5 2. Nf3 Nc6 3. Bf4 Nf6 4. e3 Nh5 5. Be5 Nxe5 6. Nxe5 Nf6 7. c4 e6 8. Nc3
Bd6 9. f4 O-O 10. cxd5 exd5 11. Bd3 c5 12. Qf3 c4 13. Bc2 b5 14. a3 Bb7 15. O-O
b4 16. axb4 Bxb4 17. Qh3 Re8 18. Ne2 Ne4 19. Ng3 f6 20. Nxe4 dxe4 21. Nxc4 Bd5
22. b3 a5 23. Qh5 g6 24. Qe2 Qc7 25. Rfc1 a4 26. Bd1 Rec8 27. bxa4 Bxc4 28. Rxc4
Qd6 29. Bb3 Kg7 30. Rac1 Rcb8 31. Rc7+ Kh8 32. Qc4 Ba5 33. Rc6 Qf8 34. Qe6 Bd2
35. Rd1 Bxe3+ 36. Kh1 Re8 37. Qc4 Bxf4 38. Rf1 Bg5 39. Rc7 e3 40. Qe2 Rad8 41.
d5 Qh6 42. Rc6 Re4 43. Rc4 Ree8 44. Rd4 f5 45. d6 Bf6 46. Rd3 Be5 47. h3 Bxd6
48. Rfd1 Qf4 49. g3 Qxg3 50. Rxd6 Rxd6 51. Qb2+ Qe5 52. Qxe5+ Rxe5 53. Rxd6 e2 0-1

[Event "Mondiale Lampo FIDE 2022"]
[Site "Alma Ata"]
[Date "30.12.2022"]
[Round "21.78"]
[White "Gurel, Ediz"]
[Black "Bologan, Victor"]
[Result "0-1"]
[WhiteTitle ""]
[BlackTitle ""]
[WhiteElo "2454"]
[BlackElo "2574"]
[WhiteFideId "44507356"]
[BlackFideId "13900048"]
[EventDate "29.12.2022"]

1. e4 g6 2. d4 Bg7 3. Nc3 c6 4. Nf3 d6 5. Be3 Qb6 6. Rb1 Nf6 7. h3 O-O 8. Qd2
Qc7 9. Bd3 e5 10. O-O Re8 11. Rbd1 b5 12. dxe5 dxe5 13. Bh6 Nbd7 14. Ne2 Nc5 15.
Ng3 Ne6 16. a4 bxa4 17. Bc4 Nf4 18. Bxg7 Kxg7 19. Qc3 h6 20. Rfe1 Rb8 21. Ra1
Qb6 22. Rxa4 Qxb2 23. Qxb2 Rxb2 24. Rxa7 Rb7 25. Ra5 Nd7 26. Rd1 Re7 27. Bb3 Rc7
28. Rd6 h5 29. Kf1 Bb7 30. Ne2 Nxe2 31. Kxe2 c5 32. Nd2 c4 33. Nxc4 Bxe4 34. Ne3
Nc5 35. Rd2 Nxb3 36. cxb3 Rb7 37. f3 Bc6 38. Rb2 Rb4 39. Nc2 Rb6 40. b4 f6 41.
Rc5 Reb7 42. Kd2 Ba4 43. Rc4 f5 44. Ne3 Rd7+ 45. Kc1 Rbd6 46. Re2 Kf6 47. Kb2
Bb5 48. Rec2 Bxc4 49. Nxc4 Rd4 50. b5 R4d5 51. b6 Rb5+ 52. Kc3 Rd8 53. Ra2 Rc8
54. Kd3 Rb3+ 55. Kc2 Rb4 56. b7 Rcxc4+ 57. Kd3 Rd4+ 0-1

[Event "Mondiale Lampo FIDE 2022"]
[Site "Alma Ata"]
[Date "30.12.2022"]
[Round "21.79"]
[White "Khusenkhojaev, Mustafokhuja"]
[Black "Utegaliyev, Azamat"]
[Result "1-0"]
[WhiteElo "2265"]
[BlackElo "2445"]
[WhiteFideId "14700727"]
[BlackFideId "13702467"]
[EventDate "29.12.2022"]

1. d4 Nf6 2. Nf3 b5 3. g3 Bb7 4. Bg2 e6 5. O-O c5 6. a4 b4 7. c3 a5 8. cxb4 cxb4
9. Nbd2 Be7 10. Nb3 O-O 11. Nc5 Bxc5 12. dxc5 Na6 13. Be3 Rc8 14. Rc1 Qe7 15.
Bf4 Ne4 16. Bd6 Nxd6 17. cxd6 Qf6 18. Qd4 Nc5 19. Ne5 Bxg2 20. Kxg2 Nxa4 21. f4
h5 22. Rc7 Rb8 23. Rxd7 Nb6 24. Ra7 Rfd8 25. Rd1 Nd5 26. Rxf7 Qxf7 27. Nxf7 Kxf7
28. e4 Nf6 29. e5 Nd7 30. Rc1 a4 31. Rc7 a3 32. bxa3 b3 33. Qa7 b2 34. Rxd7+ Kg6
35. Rxg7+ Kf5 36. Qf7+ Ke4 37. Qg6+ Ke3 38. Qb1 Rb3 39. Rc7 Rdb8 40. d7 h4 41.
Rc8 h3+ 42. Kxh3 R8b7 43. d8=Q Kf3 44. Qbd1+ 1-0

[Event "Mondiale Lampo FIDE 2022"]
[Site "Alma Ata"]
[Date "30.12.2022"]
[Round "21.80"]
[White "Sapenov, Daniyal"]
[Black "Suleymenov, Alisher"]
[Result "1-0"]
[WhiteTitle ""]
[BlackTitle ""]
[WhiteElo "2323"]
[BlackElo "2476"]
[WhiteFideId "13728911"]
[BlackFideId "13707833"]
[EventDate "29.12.2022"]

1. d4 Nf6 2. Nc3 d5 3. Bf4 e6 4. e3 Bb4 5. Ne2 Ne4 6. a3 Bxc3+ 7. Nxc3 Nxc3 8.
bxc3 c5 9. Bd3 c4 10. Be2 O-O 11. O-O Nc6 12. a4 b6 13. Bf3 Bb7 14. e4 dxe4 15.
Bxe4 Na5 16. Bxb7 Nxb7 17. Qf3 Qd5 18. Qg3 f6 19. Rfe1 Na5 20. Rab1 Rae8 21. Rb5
Qd7 22. h3 Rf7 23. Qg4 Qc8 24. Bg3 Nc6 25. Qe2 Na5 26. Bd6 Rd7 27. Bb4 Nb7 28.
Rh5 Qc6 29. Qg4 Rd5 30. Rxd5 Qxd5 31. h4 h5 32. Qg6 Qd7 33. Qxh5 Qxa4 34. Re3
Qd7 35. Rg3 Qf7 36. Qf3 a5 37. Ba3 e5 38. Kh2 e4 39. Qf4 b5 40. Qf5 Nd8 41. Qxb5
f5 42. Bd6 f4 43. Rg5 e3 44. fxe3 fxe3 45. Be5 Ne6 46. Rg3 e2 47. Re3 Ra8 48.
Qxc4 a4 49. Rxe2 a3 50. Re1 Kh7 51. Qd5 Ra7 52. Qe4+ Kg8 53. c4 Nf8 54. d5 Re7
55. Qd4 Ng6 56. Bg3 Rxe1 57. Bxe1 Qe7 58. Bc3 Nxh4 59. d6 Qg5 60. Qd5+ Qxd5 61.
cxd5 Kf7 62. d7 Ke7 63. Bb4+ Kxd7 64. Bxa3 Nf5 65. Bc5 g6 66. Kh3 Nh6 67. Kh4
Nf7 68. Bd4 Kd6 69. c4 1-0

[Event "Mondiale Lampo FIDE 2022"]
[Site "Alma Ata"]
[Date "30.12.2022"]
[Round "21.81"]
[White "Suleimen, Ergali"]
[Black "Kostenko, Petr"]
[Result "0-1"]
[BlackTitle ""]
[WhiteElo "2073"]
[BlackElo "2374"]
[WhiteFideId "13724452"]
[BlackFideId "13700669"]
[EventDate "29.12.2022"]

1. e4 c6 2. d4 d5 3. Nd2 dxe4 4. Nxe4 Nf6 5. Nxf6+ exf6 6. Be3 Bd6 7. Bd3 Na6 8.
a3 Nc7 9. c4 O-O 10. Qc2 g6 11. Ne2 Re8 12. O-O Ne6 13. Rad1 Qc7 14. h3 Bd7 15.
Rfe1 Rad8 16. b4 Qb8 17. Qb2 Bc8 18. Nc3 Nxd4 19. Bxd4 Rxe1+ 20. Rxe1 Bh2+ 21.
Kh1 Rxd4 22. Nd5 Be5 23. Ne7+ Kg7 24. Qe2 Be6 25. g3 Qd8 26. f4 Rxd3 27. fxe5 f5
28. Nd5 Bxd5+ 29. cxd5 Qxd5+ 30. Qg2 Rxg3 31. Qxd5 cxd5 32. e6 fxe6 33. Rxe6
Rxh3+ 34. Kg2 Rxa3 0-1

[Event "Mondiale Lampo FIDE 2022"]
[Site "Alma Ata"]
[Date "30.12.2022"]
[Round "21.82"]
[White "Mamatov, Melis"]
[Black "Korelskiy, Egor"]
[Result "1-0"]
[WhiteTitle ""]
[BlackTitle ""]
[WhiteElo "2399"]
[BlackElo "2153"]
[WhiteFideId "13800027"]
[BlackFideId "34329064"]
[EventDate "29.12.2022"]

1. b4 e5 2. Bb2 Bxb4 3. Bxe5 Nf6 4. Nf3 O-O 5. e3 b6 6. Be2 Bb7 7. O-O Be7 8. c4
Nc6 9. Bb2 d5 10. cxd5 Nxd5 11. Nc3 Nxc3 12. Bxc3 Bf6 13. d4 Ne7 14. Rc1 Rc8 15.
Qa4 a5 16. Rfd1 Nd5 17. Bd2 Qe7 18. Bb5 Rfd8 19. Bc6 Bxc6 20. Rxc6 Qe4 21. Qc2
Qe8 22. e4 Ne7 23. Rc4 b5 24. Rxc7 Rxc7 25. Qxc7 Bxd4 26. Bg5 f6 27. Rxd4 Rxd4
28. Nxd4 fxg5 29. Qxa5 Qd7 30. Qxb5 Qxd4 31. Qe8# 1-0

[Event "Mondiale Lampo FIDE 2022"]
[Site "Alma Ata"]
[Date "30.12.2022"]
[Round "21.83"]
[White "Postlmayer, Jakob"]
[Black "Elier, Ali"]
[Result "1-0"]
[WhiteTitle ""]
[WhiteElo "2314"]
[BlackElo "2165"]
[WhiteFideId "1643622"]
[BlackFideId "16217543"]
[EventDate "29.12.2022"]

1. d4 d5 2. c4 e6 3. Nf3 Nf6 4. Nc3 c5 5. cxd5 exd5 6. Bg5 Be6 7. e3 Nc6 8. Be2
Be7 9. dxc5 Bxc5 10. O-O Be7 11. Rc1 O-O 12. Nd4 Rc8 13. a3 h6 14. Bh4 Ne4 15.
Nxe6 fxe6 16. Bxe7 Qxe7 17. Nxe4 dxe4 18. Rc4 Qh4 19. g3 Qf6 20. Qc2 Ne7 21.
Qxe4 Nf5 22. Rxc8 Rxc8 23. Qxb7 Rc2 24. Bd3 Rxb2 25. Qa8+ Kh7 26. Qxa7 h5 27.
Qa4 Kh6 28. h4 Qe5 29. Bxf5 exf5 30. Qc6+ g6 31. a4 Ra2 32. Rd1 Qb2 33. Rf1 Qd2
34. Qc4 Kg7 35. Qc7+ Kh6 36. Qf4+ Kg7 37. Rb1 Qd7 38. Rc1 Qd2 39. Qe5+ Kg8 40.
Rc8+ 1-0

[Event "Mondiale Lampo FIDE 2022"]
[Site "Alma Ata"]
[Date "30.12.2022"]
[Round "21.84"]
[White "Degenbaev, Aziz"]
[Black "Akhilbay, Imangali"]
[Result "1-0"]
[WhiteElo "2139"]
[BlackElo "2140"]
[WhiteFideId "13802640"]
[BlackFideId "13734857"]
[EventDate "29.12.2022"]

1. e4 c5 2. Nf3 Nc6 3. Bb5 d6 4. O-O Bd7 5. c3 a6 6. Bd3 Bg4 7. h3 Bh5 8. Be2
Nf6 9. d3 e6 10. Be3 Be7 11. Nbd2 O-O 12. Re1 b5 13. d4 b4 14. Rc1 bxc3 15. bxc3
Qa5 16. Nc4 Qc7 17. e5 Bxf3 18. Bxf3 dxe5 19. Bxc6 Qxc6 20. Nxe5 Qc7 21. Nd3 c4
22. Ne5 Nd5 23. Qe2 Rfc8 24. Qf3 Bf6 25. Ng4 Be7 26. Ne5 Bd6 27. Bd2 Bxe5 28.
Rxe5 Rab8 29. Qg3 Rb2 30. Be3 Rxa2 31. Re1 Rc2 32. Bf4 Rxc3 33. Rxd5 Rxg3 34.
Bxc7 Rb3 35. Rc5 c3 36. Rc1 a5 37. R5xc3 Rxc3 38. Rxc3 a4 39. Ba5 Ra8 40. Bb4
Rb8 41. Ba3 1-0

[Event "Mondiale Lampo FIDE 2022"]
[Site "Alma Ata"]
[Date "30.12.2022"]
[Round "21.85"]
[White "Shishkov, Andrei"]
[Black "Nissinen, Niilo Man"]
[Result "1-0"]
[WhiteTitle ""]
[BlackTitle ""]
[WhiteElo "2340"]
[BlackElo "1996"]
[WhiteFideId "4500563"]
[BlackFideId "30950767"]
[EventDate "29.12.2022"]

1. d4 Nf6 2. c4 g6 3. f3 d5 4. cxd5 Nxd5 5. e4 Nb6 6. Nc3 Bg7 7. Be3 O-O 8. Qd2
Nc6 9. O-O-O f5 10. e5 Nb4 11. Nh3 N4d5 12. Nf4 Nxf4 13. Bxf4 Nd5 14. Bg5 c6 15.
h4 h5 16. Bd3 Be6 17. Kb1 c5 18. Bc4 cxd4 19. Qxd4 Nxc3+ 20. Qxc3 Qc8 21. Bxe6+
Qxe6 22. f4 Kf7 23. Qb3 Rfd8 24. Rc1 Qxb3 25. axb3 Rac8 26. Rhd1 Rxd1 27. Rxd1
Rc7 28. Rd8 Bf8 29. b4 e6 30. b5 Be7 31. Ra8 1-0

[Event "Mondiale Lampo FIDE 2022"]
[Site "Alma Ata"]
[Date "30.12.2022"]
[Round "21.86"]
[White "Mamedov, Edgar"]
[Black "Everett, Elijah"]
[Result "1/2-1/2"]
[WhiteTitle ""]
[WhiteElo "2283"]
[BlackElo "2202"]
[WhiteFideId "13739980"]
[BlackFideId "12973696"]
[EventDate "29.12.2022"]

1. Nf3 Nf6 2. g3 g6 3. Bg2 Bg7 4. O-O O-O 5. c4 d6 6. Nc3 Nc6 7. d3 e5 8. Rb1 a5
9. a3 h6 10. b4 axb4 11. axb4 Be6 12. b5 Ne7 13. Bb2 Qd7 14. Bh1 e4 15. Nxe4
Nxe4 16. Bxg7 Nxf2 17. Rxf2 Kxg7 18. Qd2 Kh7 19. Nd4 d5 20. c5 Nf5 21. Nxf5 Bxf5
22. Qb2 Rae8 23. b6 c6 24. Qd4 Ra8 25. Rbf1 Ra5 26. e4 Be6 27. Rf6 Kg8 28. exd5
cxd5 29. Qe3 Kg7 30. Qe5 Kg8 31. Qf4 Kg7 32. d4 Ra2 33. Qe5 Kg8 34. R6f2 Rfa8
35. Qf4 Kg7 36. Qf6+ Kg8 37. Qh4 Kg7 38. Qf6+ Kg8 39. Qe5 Rxf2 40. Rxf2 Ra1+ 41.
Rf1 Rxf1+ 42. Kxf1 Qb5+ 43. Kg1 Qb1+ 44. Kg2 Qc2+ 45. Kg1 Qd1+ 46. Kg2 Qd2+ 47.
Kg1 Qd1+ 48. Kg2 Qd2+ 49. Kg1 Qd1+ 1/2-1/2

[Event "Mondiale Lampo FIDE 2022"]
[Site "Alma Ata"]
[Date "30.12.2022"]
[Round "21.87"]
[White "Amangeldy, Ernur"]
[Black "Uruci, Endrit"]
[Result "0-1"]
[BlackTitle ""]
[WhiteElo "2097"]
[BlackElo "2297"]
[WhiteFideId "13720244"]
[BlackFideId "22100199"]
[EventDate "29.12.2022"]

1. d4 Nf6 2. c4 e6 3. Nf3 d5 4. Nc3 c6 5. e3 Nbd7 6. Qc2 Be7 7. Bd3 O-O 8. O-O
dxc4 9. Bxc4 b5 10. Bd3 Bb7 11. e4 h6 12. Bf4 a6 13. Rfd1 Rc8 14. Qe2 Re8 15. e5
Nd5 16. Qe4 Nf8 17. Nxd5 Qxd5 18. Qxd5 cxd5 19. Bd2 Nd7 20. Ba5 Nb8 21. Kf1 Nc6
22. Bd2 Ra8 23. Ke2 Rec8 24. Rac1 Bd8 25. g4 Bb6 26. Be3 Na5 27. b3 Nc6 28. h4
Nb4 29. Bb1 a5 30. a3 Nc6 31. h5 b4 32. a4 Ba6+ 33. Bd3 Bxd3+ 34. Kxd3 Ra7 35.
g5 hxg5 36. Bxg5 Rac7 37. h6 gxh6 38. Bxh6 Ne7 39. Bg5 Rc3+ 40. Rxc3 Rxc3+ 41.
Ke2 Ng6 42. Rd3 Rc2+ 43. Rd2 Rc8 44. Rd1 Kf8 45. Rc1 Rb8 46. Bf6 Ke8 47. Ke3 Kd7
48. Ng5 Rf8 49. Bg7 Rg8 50. Bf6 Nxe5 51. Bxe5 Rxg5 52. Rh1 Rxe5+ 53. Kd3 Re4 54.
Rh7 Rxd4+ 55. Kc2 Rf4 0-1